00545nam a2200229Ia 450000500170000000800460001702000180006303700100008104000080009104000080009904000080010704100080011504100080012308400080013110000230013924500550016226000230021726000090024036500050024936500080025485600530026220260324145046.0008 260324s9999 xx 000 0 eng d a9781315134048 aEBOOK aCRL beng cCRL 2eng aeng qCRL aWilliam A. Donohue 4aThe Politics of the American Civil Liberties Union bTaylor and Francis c1985 a b230 uhttp://www.taylorfrancis.com/books/9781315134048